Normal view
MARC view
- MSIS-9
Entry Geographic Name
001 - CONTROL NUMBER
- control field: 35162
003 - CONTROL NUMBER IDENTIFIER
- control field: NUST
005 - DATE AND TIME OF LATEST TRANSACTION
- control field: 20201111155227.0
008 - FIXED-LENGTH DATA ELEMENTS
- fixed length control field: 201111|| aca||aabn | a|a d
040 ## - CATALOGING SOURCE
- Original cataloging agency: NUST
- Transcribing agency: NUST
151 ## - HEADING--GEOGRAPHIC NAME
- Geographic name: MSIS-9
670 ## - SOURCE DATA FOUND
- Source citation: Work cat.: (NUST)121681: Mehmood, Nasir ( MSIS-09) 35161, Algebrraic Cryptanalysis Of Feistel Structure Based Light Weight Block Ciphers , 2014
